000 00922nas a2200289 4500
001 BR0800345
003 BR-BrBNA
005 20231205111451.0
007 ta
008 230509b bl.|||p| |||| 00| 00por d
040 _aBR-BrBNA
_bpor
_cBiblioteca Nacional de Agricultura
041 _a(Pt)
072 _aL20; L02
100 1 _aMonteiro Filho, E.L. de A.
100 1 _aMargarido, T.C.C.
100 1 _aPachaly, J.R.
100 1 _aMangini, P.R.
100 1 _aFerreira, F.M.
100 1 _aLange, R.R.
245 1 _aComportamento zoofágico inato de cutias - Dasyprocta azarae Lichtenstein, 1823 (Rodentia: Mammalia)
650 _aCUTIA
650 _aROEDOR
650 _aCOMPORTAMENTO ANIMAL
773 0 _tArquivos de Ciências Veterinárias e Zoologia da UNIPAR (Brazil)
_xISSN 1415-8167
_g(Aug-Dec 1999), V. 2(2) p. 135-142
_wBR0800345
909 _a202311
_bLúcia
_c55
_dLúcia Elande
942 _2AGRIS
_n0
_cANA
999 _c192893
_d192893